000
00290nam a2200109Ia 4500
008
200302s9999 xx 000 0 und d
100
_a
Dan L. Perlman and Others
245
_a
Practical ecology for plannrs, developers, and citizens
260
_b
Island Press
260
_c
2004
300
_a
294
999
_c
6284
_d
6284